00224nam a2200061Ia 4500008004100000100003700041245008400078240331s9999 xx 000 0 und d aEmmanuel, S and Maunaguru, S. ed 0aPeralivukalukkup Pennkal Mugam Koduthal :bThennasiya Anubawangalum Sawaalkalum